特急「成田エクスプレス(N'EX)」の停車駅 - Statistics

General Stats
  • This quiz has been taken 315 times
  • The average score is 13 of 14
Answer Stats
停車駅 % Correct
東京
98%
成田
98%
品川
97%
新宿
97%
千葉
97%
横浜
96%
成田空港
96%
大船
95%
渋谷
94%
戸塚
90%
佐倉
88%
空港第2ビル
87%
武蔵小杉
86%
四街道
81%
No matching quizzes found
Score Distribution
Percent of People with Each Score
Percentile by Number Answered
Your Score History
You have not taken this quiz